000 00507nam a2200217Ia 4500
003 OSt
005 20220924134829.0
006 a|||||r|||| 00| 0
007 ta
008 220923b |||||||| |||| 00| 0 ben d
024 _a287498
037 _cTextual
040 _aARTS
_cARTS
_bben
041 _2ben
_aben
082 _aC298, 157H6
100 _aEarkar
_9209360
245 0 _aNavovashmi
260 _c1946
942 _hC298, 157H6
_cTEXL
_2CC
999 _c438793
_d438793